| 000 | 00726nam a2200229Ia 4500 | ||
|---|---|---|---|
| 005 | 20220429143108.0 | ||
| 008 | 131103s9999 xx 000 0 und d | ||
| 020 |
_a321587332 _cRs.5946.80 |
||
| 040 | _aLoreto College | ||
| 041 | _aEnglish | ||
| 082 |
_a551.5 _bLUT |
||
| 100 | _aLutgens, Frederick K. | ||
| 245 | 4 |
_aThe atmosphere _b An introduction to meteorology _cFrederick K.Lutgens and Edward J.Tarbuck;illustrated by Dennis Tasa |
|
| 250 | _a11th ed | ||
| 260 |
_aNew York _bPrentice-Hall _c2010 |
||
| 300 |
_axvii,508p. _b ill.,fig., maps, tables |
||
| 504 | _aIncludes appendix, glossary, index | ||
| 650 | _aAtmosphere - Meteorology | ||
| 700 |
_aTarbuck, Edward J. _4Auth |
||
| 850 | _aLCLIB | ||
| 942 | _cBK | ||
| 999 |
_c36703 _d87182 |
||